Ročné zúčtovanie preddavkov na daň z príjmov zo závislej činnosti a funkčných požitkov za rok 1993 Povinnosti daňovníkov (zamestnancov) a platiteľov daní (zamestnávateľov)
Povinnosti daňovníkov a platiteľov daní podľa zákona č. 286/1992 a neskorších predpisov. Postup pri ročnom zúčtovaní preddavkov. Odpočítateľné položky v alikvotnej sume.
Salvato in:
| Autore principale: | |
|---|---|
| Natura: | Capitolo di libro |
| Lingua: | slovacco |
| Soggetti: | |
| Tags: |
Nessun Tag, puoi essere il primo ad aggiungerne!!
|
MARC
| LEADER | 00000naa a2200000 4500 | ||
|---|---|---|---|
| 001 | r000429 | ||
| 005 | 20221213114701.7 | ||
| 041 | 0 | |a slo | |
| 044 | |a SK | ||
| 245 | 1 | 0 | |a Ročné zúčtovanie preddavkov na daň z príjmov zo závislej činnosti a funkčných požitkov za rok 1993 |b Povinnosti daňovníkov (zamestnancov) a platiteľov daní (zamestnávateľov) |c Dagmar Piršelová |
| 520 | |a Povinnosti daňovníkov a platiteľov daní podľa zákona č. 286/1992 a neskorších predpisov. Postup pri ročnom zúčtovaní preddavkov. Odpočítateľné položky v alikvotnej sume. | ||
| 610 | 2 | 0 | |a dane z príjmov |
| 610 | 2 | 0 | |a zákony |
| 610 | 2 | 0 | |a 1994 |
| 610 | 2 | 0 | |a zamestnanci |
| 610 | 2 | 0 | |a zamestnávatelia |
| 610 | 2 | 0 | |a 1993 |
| 610 | 2 | 0 | |a Slovensko |
| 100 | 1 | |a Piršelová, Dagmar | |